[Event "Pacific Southwest Op"]
[Site "Los Angeles USA"]
[Date "2013.07.06"]
[Round "3"]
[White "Brown,Michael William"]
[Black "Griffith,Kyron W"]
[Result "1/2-1/2"]
[WhiteElo "2237"]
[BlackElo "2232"]

1.d4 Nf6 2.c4 g6 3.Nc3 Bg7 4.e4 d6 5.Be2 O-O 6.Nf3 e5 7.Be3 Ng4 8.Bg5 f6
9.Bh4 Nd7 10.d5 a5 11.Nd2 Nh6 12.f3 Nc5 13.Bf2 Bd7 14.O-O Nf7 15.Rb1 f5 16.Nb3 b6
17.Nxc5 dxc5 18.b3 Nd6 19.a3 Bh6 20.Bd3 Qe7 21.Qc2 fxe4 22.Nxe4 Nf5 23.Rfe1 Nd4
24.Qc3 Bf5 25.Ng3 Qf6 26.Be4 Qd6 27.Qd3 Bd7 28.Qc3 Bf5 29.Qd3 Bd7 30.Qc3 Rae8
31.Bd3 Bf5 32.Ne4 Bxe4 33.Rxe4 Rf4 34.Rbe1 Rxe4 35.Bxe4 Rf8 36.Kh1 Bf4 37.g3 Bh6
38.Kg2 Qf6 39.Qd3 Qd6 40.Rb1 Ra8 41.a4 Rd8 42.Rd1 Rf8  1/2-1/2

[Event "6th ch-Cent SRB Int 2013"]
[Site "Paracin SRB"]
[Date "2013.07.06"]
[Round "2.19"]
[White "Atalik,E"]
[Black "Radovanovic,Nik"]
[Result "1/2-1/2"]
[WhiteElo "2430"]
[BlackElo "2249"]

1.d4 Nf6 2.c4 g6 3.Nc3 Bg7 4.e4 d6 5.Nf3 O-O 6.Be2 e5 7.d5 a5 8.Bg5 h6 9.Bh4 Na6
10.Nd2 Qe8 11.O-O Bd7 12.b3 Nh7 13.a3 h5 14.f3 Bh6 15.Qc2 Be3+ 16.Kh1 f5
17.exf5 gxf5 18.Rae1 Qg6 19.Bd3 Qh6 20.Ndb1 Kh8 21.Nb5 Bc5 22.N1c3 c6 23.Na4 cxb5
24.cxb5 Rac8 25.bxa6 Bxa3 26.Qb1 bxa6 27.Nb6 Rc7 28.Nxd7 Rxd7 29.Bxf5 Rg7
30.f4 Rgf7 31.fxe5 Bb4 32.Rd1 dxe5 33.h3 Bd6 34.Be6 Rxf1+ 35.Rxf1 Rxf1+ 36.Qxf1 Qf4
37.Qxf4 exf4 38.Bd8 Kg7 39.Bxa5 Ng5 40.Bc8 Ne4 41.Bxa6 Kf6 42.Bc4 Ke5 43.Kg1 Kd4
44.Kf1 Ke3 45.Ke1 f3 46.Bb6+ Kf4 47.gxf3 Kxf3 48.Be2+ Kg3 49.Bxh5 Kxh3 50.Bf3 Nc5
51.Bd1 Kg3 52.Kd2 Kf4 53.Kc3 Ke5 54.Kc4 Ne4 55.Be3 Be7 56.Bd4+ Kd6 57.Bb2 Bg5
58.Ba3+ Ke5 59.Bb2+ Kd6 60.b4 Nd2+ 61.Kd3 Kxd5 62.Bc1 Ne4 63.Bb3+ Kc6 64.Bb2 Bf6
65.Ba3 Nd6 66.Ba4+ Kb6 67.Bc1 Be5 68.Be3+ Ka6 69.Bc5 Nb5 70.Kc4 Nc7 71.Bc6 Bf4
72.Kd3 Bg3 73.Ke4 Bh2 74.Kf5 Bg3 75.Kf6 Be1 76.Ke7 Nd5+ 77.Bxd5 Kb5 78.Kd6 Bxb4
79.Bxb4 Kxb4  1/2-1/2

[Event "6th ch-Cent SRB Int 2013"]
[Site "Paracin SRB"]
[Date "2013.07.06"]
[Round "2.1"]
[White "Mista,A"]
[Black "Tomic,Bos"]
[Result "1/2-1/2"]
[WhiteElo "2579"]
[BlackElo "2425"]

1.Nf3 Nf6 2.c4 g6 3.Nc3 Bg7 4.e4 O-O 5.d4 d6 6.Be2 e5 7.d5 a5 8.h3 Na6 9.Bg5 Nc5
10.Nd2 Bd7 11.g4 c6 12.Nb3 h6 13.Nxc5 hxg5 14.Nxd7 Nxd7 15.dxc6 bxc6 16.Qxd6 Qb6
17.Na4 Qb4+ 18.Qxb4 axb4 19.Bd1 Rfd8 20.Bb3 Bf8 21.O-O-O Nc5 22.Nxc5 Bxc5
23.Rxd8+ Rxd8 24.Rd1 Rxd1+ 25.Bxd1 Bxf2 26.Ba4 c5 27.Kc2 Kf8 28.Bc6 Ke7 29.Bd5 f6
30.Kb3 Kd6 31.a4 bxa3 32.bxa3 Be3 33.Bf7 Kc7 34.Bxg6 Bf2 35.Ka4 Kb6 36.Kb3  1/2-1/2

[Event "41st TCh-GRE"]
[Site "Rio (Achaia) GRE"]
[Date "2013.07.06"]
[Round "6.5"]
[White "Pavlidou,E"]
[Black "Manolaraki,Y"]
[Result "1/2-1/2"]
[WhiteElo "2210"]
[BlackElo "1978"]

1.d4 Nf6 2.c4 g6 3.Nc3 Bg7 4.e4 d6 5.Nf3 O-O 6.Be2 Nbd7 7.O-O e5 8.dxe5 dxe5
9.Qc2 c6 10.b3 Qe7 11.a4 b6 12.a5 Rb8 13.axb6 axb6 14.Ra7 Rb7 15.Ra2 c5 16.Nd5 Nxd5
17.cxd5 f5 18.Bb5 Nf6 19.Bg5 h6 20.Bxf6 Bxf6 21.Rd1 Rd8 22.Nd2 Bd7 23.Be2 Kh7
24.Nc4 fxe4 25.d6 Qe8 26.Ra6 Rdb8 27.Ne3 Bb5 28.Bxb5 Qxb5 29.Qc4 Qd7 30.Qxe4 Qd8
31.g3 Rd7 32.Nc4 b5 33.Nxe5 Bxe5 34.Qxe5 c4 35.b4 Rb6 36.Rxb6 Qxb6 37.Rd5 Qc6
38.Rxb5 Qxd6 39.Qxd6 Rxd6 40.Rb7+ Kg8 41.Rc7 Rd1+ 42.Kg2 Rc1 43.Kf3 c3 44.Ke3 Rb1
45.Rxc3 Rxb4 46.Rc7 Rb3+ 47.Ke4 Rb2 48.Kf3 Rb3+ 49.Kg2 Ra3 50.h4 Rb3 51.g4 Rb5
52.Kg3 Ra5 53.Rd7 h5 54.gxh5 Rxh5 55.Kg4 Rf5 56.f3 Rb5 57.f4 Ra5 58.Re7 Rf5
59.Re5 Rf7 60.h5 gxh5+ 61.Rxh5 Kf8 62.Rh8+ Kg7 63.Ra8 Kh7 64.f5 Rg7+ 65.Kf4 Rg1
66.Ke5 Rb1 67.Ra7+ Kg8 68.Re7 Kf8 69.Kf6 Rb6+ 70.Re6 Rb7 71.Kg6 Rg7+ 72.Kf6 Ra7
73.Rb6 Rf7+ 74.Kg5 Rg7+ 75.Kf4 Ra7 76.Rh6 Ra4+ 77.Kg5 Ra5 78.Rh7 Ra6 79.Rb7 Rc6
80.f6 Rc1 81.Rb4 Rg1+ 82.Rg4 Rxg4+ 83.Kxg4 Kf7 84.Kf5 Kf8 85.Ke6 Ke8 86.f7+ Kf8
87.Kf6  1/2-1/2

[Event "Polugaevsky Mem 2013"]
[Site "Samara RUS"]
[Date "2013.07.06"]
[Round "5.4"]
[White "Demidov,M"]
[Black "Goganov,A"]
[Result "0-1"]
[WhiteElo "2465"]
[BlackElo "2560"]

1.d4 Nf6 2.c4 g6 3.Nc3 Bg7 4.e4 d6 5.Nf3 O-O 6.Be2 e5 7.d5 a5 8.Bg5 h6 9.Bh4 Na6
10.Nd2 Qe8 11.a3 Bd7 12.b3 Nh7 13.f3 h5 14.Rb1 Nc5 15.Qc2 Bh6 16.Bf2 Qe7
17.b4 axb4 18.axb4 Na4 19.Nd1 f5 20.c5 Nf6 21.c6 bxc6 22.dxc6 Be6 23.O-O d5
24.Bb5 dxe4 25.Bxa4 Rfd8 26.Nxe4 fxe4 27.Bb3 Rd2 28.Bxe6+ Qxe6 29.Qb3 Qxb3
30.Rxb3 exf3 31.gxf3 Nd5 32.Nc3 Ne3 33.Rfb1 Rc2 34.b5 Nc4 35.Ne4 Raa2 36.Rc3 Rxc3
37.Nxc3 Rc2 38.Ne4 Be3 39.Bxe3 Nxe3 40.Re1 Nf5 41.Nf6+ Kf7 42.Nd7 Nd4 43.Nxe5+ Kf6
44.Re4 Nxb5 45.Nd7+ Kf7 46.Ne5+ Kf6 47.Nd7+ Kf7 48.Ne5+ Kg7 49.Nd7 Rxc6 50.Re7+ Kh6
51.h4 Nd4 52.f4 Rc1+ 53.Kf2 Nf5 54.Rf7 Nd6 55.Re7 Rc4 56.Kf3 Nf5 57.Rf7 Nxh4+
58.Ke2 Nf5 59.Nf8 Re4+ 60.Kf3 Re3+ 61.Kf2 Re7 62.Rf6 Kg7  0-1

[Event "EY Boys Teams 2013"]
[Site "Maribor SLO"]
[Date "2013.07.07"]
[Round "2"]
[White "Balacek,T"]
[Black "Petrusic,T"]
[Result "1/2-1/2"]
[WhiteElo "2258"]
[BlackElo "2289"]

1.d4 Nf6 2.c4 g6 3.Nc3 Bg7 4.e4 d6 5.Nf3 O-O 6.Be2 Na6 7.O-O e5 8.Be3 Ng4
9.Bg5 Qe8 10.dxe5 dxe5 11.h3 h6 12.Bc1 Nf6 13.Be3 Nh5 14.c5 c6 15.Bxa6 bxa6
16.Qd6 Be6 17.Rfd1 Rd8 18.Qc7 Rd7 19.Rxd7 Qxd7 20.Qxd7 Bxd7 21.Rd1 Be6 22.b3 g5
23.Kf1 Rc8 24.Ne1 Nf4 25.Nd3 f6 26.f3 Bf8 27.Nb4 a5 28.Nd3 Be7 29.Nb2 Kf7
30.Nca4 Rb8 31.Rd2 h5 32.Rc2 Rb4 33.Bd2 Rd4 34.Bxa5 g4 35.hxg4 hxg4 36.Rd2 gxf3
37.gxf3 f5 38.Bc3 Rxd2 39.Bxd2 fxe4 40.fxe4 Bh3+ 41.Ke1 Bh4+ 42.Kd1 Bg2 43.Nc3 Bf2
44.Nc4 Bd4 45.Kc2 Ke6 46.b4 Bxc3 47.Bxc3 Bxe4+ 48.Kd2 Ng6 49.a4 Bd5 50.Nb2 a6
51.Ke3 Bb3 52.Be1 Nf4 53.Bg3 Nd5+ 54.Kd2 Kf5 55.b5 cxb5 56.axb5 axb5 57.c6 Nf6
58.c7 Ne4+ 59.Ke3 Be6 60.Be1 Nf6 61.Ba5 Nd5+ 62.Ke2 Ke4 63.Nd3 Kd4 64.Nb4 Ne7
65.Nc2+ Kc4 66.Ke3 Kb3 67.Ne1 Bf5 68.Nf3 Nd5+ 69.Kf2 Ka4 70.Bd2 e4 71.Ng5 Nb6
72.Kg3 b4 73.Bxb4 Kxb4 74.Kf4 Bc8 75.Nxe4 Nc4 76.Nf2 Kc5 77.Ne4+ Kc6 78.Nc3  1/2-1/2

[Event "ch-BEL Open 2013"]
[Site "Antwerp BEL"]
[Date "2013.07.08"]
[Round "3.32"]
[White "Snoeks,Pieter-Jan"]
[Black "Peleman,T"]
[Result "0-1"]
[WhiteElo "1802"]
[BlackElo "2022"]

1.d4 Nf6 2.c4 g6 3.Nc3 Bg7 4.e4 d6 5.Nf3 O-O 6.Be2 e5 7.d5 a5 8.O-O Na6 9.Ne1 Bd7
10.g3 Kh8 11.Ng2 Nc5 12.Qc2 Bg4 13.Bg5 Bxe2 14.Qxe2 Qd7 15.Bxf6 Bxf6 16.Qf3 Bg7
17.g4 Bh6 18.h4 f6 19.Qe2 Bf4 20.Nxf4 exf4 21.f3 Qg7 22.Rae1 Rae8 23.Qh2 f5
24.Qf2 fxg4 25.fxg4 Nd3 26.Qd2 Nxe1 27.Rxe1 f3 28.Kf1 Qe5 29.Nb5 Qg3  0-1

[Event "IsBank TCh-TUR 2013"]
[Site "Denizli TUR"]
[Date "2013.07.08"]
[Round "11.3"]
[White "Kuseyri,M"]
[Black "Arduman,C"]
[Result "1/2-1/2"]
[WhiteElo "2050"]
[BlackElo "2353"]

1.d4 g6 2.c4 Bg7 3.Nf3 d6 4.e4 Nf6 5.Nc3 O-O 6.Be2 Na6 7.O-O e5 8.Be3 c6
9.d5 Ng4 10.Bg5 f6 11.Bh4 g5 12.Bg3 Nh6 13.Nd2 c5 14.a3 f5 15.exf5 Nxf5 16.Nde4 h6
17.Rb1 Nc7 18.b4 b6 19.bxc5 bxc5 20.Qa4 Ne8 21.Rb2 Bd7 22.Qa6 Bc8 23.Qc6 Bd7
24.Qa6 Bc8 25.Qc6 Bd7  1/2-1/2

[Event "23rd Heart of FIN"]
[Site "Jyvaskyla FIN"]
[Date "2013.07.08"]
[Round "1.4"]
[White "Valli,F"]
[Black "Karttunen,M"]
[Result "1/2-1/2"]
[WhiteElo "2237"]
[BlackElo "2457"]

1.Nf3 Nf6 2.c4 g6 3.Nc3 Bg7 4.e4 d6 5.d4 O-O 6.Be2 Nbd7 7.O-O e5 8.Be3 exd4
9.Nxd4 Nc5 10.f3 a5 11.Qd2 Re8 12.Rad1 Bd7 13.Rfe1 Qb8 14.Bf1 b6 15.Bg5 Ne6
16.Nxe6 Bxe6 17.Nd5 Nxd5 18.cxd5 Bd7 19.Rc1 a4 20.Be3 Ra5 21.Bd4 Bxd4+ 22.Qxd4 Rc5
23.b4 axb3 24.axb3 f5 25.Bd3 fxe4 26.Bxe4 Qd8 27.b4 Rxc1 28.Rxc1 Bb5 29.Qc3 Re7
30.Qf6 Qe8 31.h4 Rf7 32.Qg5 Rg7 33.Kf2 Rf7 34.Re1 Re7 35.g4 Qf8 36.Kg3 Re5
37.Qf4 Qe7 38.Rc1 Be8 39.Rc2 Qg7 40.Ra2 Bb5 41.Ra7 Re8 42.Qc1 Re7 43.Ra8+ Re8
44.Ra7 Re7 45.Ra8+ Be8 46.Qa1 Qxa1 47.Rxa1 Bf7 48.Ra8+ Kg7 49.Rc8 Kf6 50.Kf4 h6
51.g5+ Kg7 52.Rd8 Be8 53.Ke3 Bb5 54.Kf4 Bc4 55.gxh6+ Kxh6 56.Rg8 Rf7+ 57.Kg3 Rf6  1/2-1/2

[Event "EY Boys Teams 2013"]
[Site "Maribor SLO"]
[Date "2013.07.08"]
[Round "3"]
[White "Grandadam,P"]
[Black "Markoja,S"]
[Result "1-0"]
[WhiteElo "2213"]
[BlackElo "2095"]

1.Nf3 Nf6 2.c4 g6 3.Nc3 Bg7 4.e4 d6 5.d4 O-O 6.Be2 e5 7.Be3 c6 8.O-O exd4
9.Bxd4 Re8 10.Qc2 Qe7 11.Rae1 Nbd7 12.Bd1 Ne5 13.Nd2 c5 14.Be3 Nc6 15.Nd5 Qd8
16.Bg5 Be6 17.Nf3 Bxd5 18.exd5 Nd4 19.Nxd4 cxd4 20.Qd2 Qb6 21.Ba4 Rxe1 22.Rxe1 Ng4
23.b4 Ne5 24.Bb3 Qc7 25.Rc1 a5 26.bxa5 Rxa5 27.Bf4 Ra8 28.c5 dxc5 29.Qxd4 cxd4
30.Rxc7 Nd3 31.Bd2 Rd8 32.Rxb7 Nc5 33.Rb5 Nxb3 34.axb3 Kf8 35.Bb4+ Ke8 36.Kf1 d3
37.Ke1 Bh6 38.Bd2 Bg7 39.Ba5 Rc8 40.Kd2 Kd7 41.Kxd3 Kd6 42.Bb4+ Kd7 43.Rb7+ Rc7
44.Rxc7+ Kxc7 45.Bc5 Be5 46.h3 f5 47.b4 Kb7 48.b5 Kc7 49.Kc4 Kd7 50.b6 Bb8
51.Kb5 g5 52.Ka6 Kc8 53.b7+ Kc7 54.Ba7  1-0

[Event "3rd SPAChess Open"]
[Site "Amsterdam NED"]
[Date "2013.07.09"]
[Round "4.33"]
[White "Cheung,J"]
[Black "Van Lommel,P"]
[Result "1-0"]
[WhiteElo "2079"]
[BlackElo "2135"]

1.d4 Nf6 2.c4 g6 3.Nc3 Bg7 4.e4 d6 5.Nf3 O-O 6.Be2 e5 7.O-O exd4 8.Nxd4 Re8
9.f3 Nc6 10.Be3 Nh5 11.Qd2 Nf4 12.Nxc6 Nxe2+ 13.Nxe2 bxc6 14.Bd4 Be6 15.Bxg7 Kxg7
16.Nd4 c5 17.Ne2 Qf6 18.b3 a5 19.Nc3 Reb8 20.Rad1 a4 21.Nxa4 Bxc4 22.Rfe1 Be6
23.e5 dxe5 24.Nxc5 Rb5 25.Rc1 Ra3 26.Na4 Bxb3 27.axb3 Rbxb3 28.Rc3 Rxc3 29.Nxc3 Qb6+
30.Kh1 Qb4 31.Ne4 Qb3 32.Qg5 Ra5 33.Qf6+ Kg8 34.Qd8+ Kg7 35.Qxc7  1-0

[Event "IsBank TCh-TUR 2013"]
[Site "Denizli TUR"]
[Date "2013.07.09"]
[Round "12.9"]
[White "Ozen,Bahadir"]
[Black "Gokerkan,Cem Kaan"]
[Result "1/2-1/2"]
[WhiteElo "1927"]
[BlackElo "1888"]

1.d4 Nf6 2.c4 g6 3.Nc3 Bg7 4.e4 d6 5.Nf3 O-O 6.Be2 e5 7.O-O exd4 8.Nxd4 Re8
9.f3 Nc6 10.Be3 Nh5 11.Qd2 Nxd4 12.Bxd4 Nf4 13.g3 Nxe2+ 14.Nxe2 b6 15.Bxg7 Kxg7
16.Nc3 Bb7 17.Qd4+ Qf6 18.Qxf6+ Kxf6 19.Kf2 Ke6 20.Rad1 Re7 21.Rfe1 Rae8  1/2-1/2

[Event "IsBank TCh-TUR 2013"]
[Site "Denizli TUR"]
[Date "2013.07.09"]
[Round "12.2"]
[White "Arutinian,D"]
[Black "Baklan,V"]
[Result "1/2-1/2"]
[WhiteElo "2543"]
[BlackElo "2613"]

1.d4 Nf6 2.c4 g6 3.Nc3 Bg7 4.e4 d6 5.Nf3 O-O 6.Be2 e5 7.O-O exd4 8.Nxd4 Re8
9.f3 c6 10.Be3 d5 11.cxd5 Nxd5 12.Nxd5 cxd5 13.Qb3 Nc6 14.Rad1 Nxd4 15.Bxd4 Bxd4+
16.Rxd4 Qf6 17.Rd2 Qf4 18.Qxd5 Be6 19.Qd6 Qxd6 20.Rxd6 Bxa2 21.Rd7 Be6 22.Rxb7 Reb8
23.Rxb8+ Rxb8 24.Ra1 Rxb2  1/2-1/2

[Event "IsBank TCh-TUR 2013"]
[Site "Denizli TUR"]
[Date "2013.07.09"]
[Round "12.3"]
[White "Arduman,C"]
[Black "Nevednichy,V"]
[Result "0-1"]
[WhiteElo "2353"]
[BlackElo "2580"]

1.d4 d6 2.Nf3 g6 3.c4 Bg7 4.Nc3 Nf6 5.e4 O-O 6.Be2 e5 7.O-O Nbd7 8.Be3 Re8
9.d5 Ng4 10.Bg5 f6 11.Bh4 h5 12.Ne1 Nh6 13.h3 a5 14.Nd3 Nc5 15.Nxc5 dxc5
16.a3 Nf7 17.Rb1 b6 18.g4 hxg4 19.hxg4 Bd7 20.Kg2 Bh6 21.Qd3 Kg7 22.Rh1 Rh8
23.Bg3 Qe7 24.Rh2 Bg5 25.Rbh1 Nd6 26.Rxh8 Rxh8 27.Rxh8 Kxh8 28.Qd1 Qh7 29.Bd3 Qh6
30.f3 Bc1 31.Qc2 Qd2+ 32.Qxd2 Bxd2 33.Ne2 g5 34.Kf1 Ba4 35.Be1 Bxe1 36.Kxe1 Bb3
37.Kd2 Bxc4 38.Bxc4 Nxc4+ 39.Kc3 Nd6 40.a4 Kg7 41.b3 Kf7 42.Ng3 Ke8 43.Kd3 c4+
44.bxc4 Nb7 45.Kc2 Nc5 46.Nf5 Nxa4 47.Ne3 Nc5 48.Nd1 Kd7 49.Nc3 Na6 50.Na4 Kd6
51.Kd2 Nc5 52.Nc3 Nb3+ 53.Kd3 Nd4 54.Na4 Nxf3 55.c5+ bxc5 56.Nb2 Nh2 57.Nc4+ Kd7
58.Nxa5 Nxg4 59.Nb7 c4+ 60.Kxc4 Nf2 61.Nc5+ Kd6 62.Nb7+ Ke7 63.d6+ cxd6 64.Kd5 Nd1
65.Nxd6 Nc3+ 66.Kc6 Ke6  0-1

[Event "23rd Heart of FIN"]
[Site "Jyvaskyla FIN"]
[Date "2013.07.09"]
[Round "2.11"]
[White "Aseev,Vladimir"]
[Black "Kochyev,A"]
[Result "1/2-1/2"]
[WhiteElo "2063"]
[BlackElo "2417"]

1.d4 Nf6 2.c4 g6 3.Nc3 Bg7 4.e4 d6 5.Nf3 O-O 6.Be2 e5 7.O-O Nbd7 8.Re1 c6
9.Bf1 Qb6 10.h3 exd4 11.Qxd4 Qxd4 12.Nxd4 Re8 13.Bf4 Nc5 14.Rad1 Ncxe4 15.Nxe4 Rxe4
16.Rxe4 Nxe4 17.f3 Nc5 18.Bxd6 Ne6 19.Nxe6 Bxe6 20.Ba3 Bf8 21.Bxf8 Kxf8 22.a3 c5
23.Kf2 Ke7 24.f4 Ke8  1/2-1/2

[Event "VIII Wroclaw Open A 2013"]
[Site "Wroclaw POL"]
[Date "2013.07.09"]
[Round "9.5"]
[White "Matuszewski,Mi"]
[Black "Cukrowski,F"]
[Result "1-0"]
[WhiteElo "2410"]
[BlackElo "2175"]

1.d4 Nf6 2.c4 g6 3.Nc3 Bg7 4.e4 d6 5.Be2 O-O 6.Nf3 e5 7.Be3 Nbd7 8.O-O Re8
9.d5 Nh5 10.Re1 Nf4 11.Bf1 Nc5 12.b4 Na6 13.a3 f5 14.c5 g5 15.g3 g4 16.Nh4 fxe4
17.Nxe4 Rf8 18.Rc1 dxc5 19.b5 Nb8 20.d6 c6 21.bxc6 bxc6 22.Bxf4 exf4 23.Rxc5 fxg3
24.hxg3 Nd7 25.Bc4+ Kh8 26.Rh5 Ne5 27.Ng5  1-0

[Event "Werner-Ott-Open 2013"]
[Site "Berlin GER"]
[Date "2013.07.10"]
[Round "5.6"]
[White "Radovanovic,J"]
[Black "Badestein,H"]
[Result "1-0"]
[WhiteElo "2360"]
[BlackElo "2085"]

1.d4 Nf6 2.Nf3 g6 3.c4 Bg7 4.Nc3 O-O 5.e4 d6 6.Be2 e5 7.O-O exd4 8.Nxd4 Re8
9.f3 c6 10.Kh1 Nbd7 11.Be3 d5 12.cxd5 cxd5 13.Ndb5 Nb6 14.Rc1 Be6 15.e5 Nfd7
16.f4 a6 17.Nd6 Rf8 18.Nxb7 Qb8 19.Na5 Rc8 20.Bf3 Rxc3 21.Rxc3 Bf8 22.Qd4 h5
23.Rfc1 Be7 24.Rb3 Qf8 25.Rxb6 Nxb6 26.Qxb6 Rb8 27.Qd4 Rb4 28.Qa7 Rb5 29.Nc6  1-0

[Event "23rd Heart of FIN"]
[Site "Jyvaskyla FIN"]
[Date "2013.07.10"]
[Round "4.13"]
[White "Grinberg,I"]
[Black "Kochyev,A"]
[Result "0-1"]
[WhiteElo "2138"]
[BlackElo "2417"]

1.d4 Nf6 2.c4 g6 3.Nc3 Bg7 4.e4 d6 5.Nf3 O-O 6.Be2 e5 7.O-O Nbd7 8.Be3 h6
9.dxe5 dxe5 10.h3 c6 11.Qd2 Kh7 12.Rfd1 Qe7 13.a3 Nc5 14.Qc2 Nh5 15.Bf1 Nf4
16.Kh2 f5 17.b4 Nce6 18.Ra2 Nd4 19.Nxd4 exd4 20.Bxf4 dxc3 21.Be3 Qxe4 22.Kg1 Qxc2
23.Rxc2 f4 24.Bc5 Bf5 25.Bxf8 Bxc2 26.Rc1 Rxf8 27.Rxc2 Rd8 28.Be2 Be5 29.Bf3 Kg7
30.Kf1 Kf6 31.Ke2 Kf5 32.Ke1 h5 33.Ke2 a5 34.Kf1 Rh8 35.h4 Bf6 36.Ke2 Ra8
37.Kd3 Re8 38.Re2 Rxe2 39.Bxe2 axb4 40.axb4 Bxh4 41.Kxc3 Bxf2 42.Bd3+ Kf6
43.b5 cxb5 44.cxb5 g5 45.Be4 b6 46.Kd3 Bc5 47.Ke2 g4 48.Bc6 Kg5 49.Kf1 Kh4
50.Ke2 Kg3 51.Bd5 h4 52.Bc6 h3 53.gxh3 f3+  0-1

[Event "Universiade Women"]
[Site "Kazan RUS"]
[Date "2013.07.10"]
[Round "2.1"]
[White "Zhao Xue"]
[Black "Dolzhikova,K"]
[Result "1-0"]
[WhiteElo "2553"]
[BlackElo "2296"]

1.d4 Nf6 2.c4 g6 3.Nc3 Bg7 4.e4 d6 5.Be2 O-O 6.Nf3 e5 7.O-O exd4 8.Nxd4 c6
9.Qc2 Re8 10.Rd1 Ng4 11.Bf4 Na6 12.Nb3 Qf6 13.Qd2 Ne5 14.a3 Nc5 15.Nxc5 dxc5
16.Rac1 Qe6 17.b4 cxb4 18.axb4 Nxc4 19.Bxc4 Qxc4 20.Nd5 Qxe4 21.Nc7 Be6 22.f3 Qf5
23.Nxa8 Rxa8 24.Qd8+ Bf8 25.Bh6 Qh5 26.Bxf8 Rxd8 27.Rxd8 f6 28.Re1 Kf7 29.Rb8 Qb5
30.Bc5 Qc4 31.Rxb7+ Kg8 32.Rxa7 h5 33.Rc7 Qd5 34.h4 Bf7 35.Ra1 Kg7 36.Raa7 g5
37.Rxf7+ Kg6 38.hxg5 Qd1+ 39.Kh2 Qe1 40.Rfe7 Qh4+ 41.Kg1 fxg5 42.Re6+ Kf5
43.Re4 Qg3 44.Bd4 g4 45.Re5+ Kg6 46.Re6+ Kg5 47.Rg7+ Kh4 48.Bf6+  1-0

[Event "Polugaevsky Mem 2013"]
[Site "Samara RUS"]
[Date "2013.07.10"]
[Round "9.4"]
[White "Fedoseev,Vl3"]
[Black "Fedorov,Alex"]
[Result "1-0"]
[WhiteElo "2515"]
[BlackElo "2578"]

1.d4 Nf6 2.c4 g6 3.Nc3 Bg7 4.e4 d6 5.Nf3 O-O 6.Be2 Nbd7 7.O-O e5 8.d5 Nc5
9.Qc2 a5 10.Bg5 h6 11.Be3 b6 12.Ne1 Bd7 13.f3 Ne8 14.Qd2 Kh7 15.Nc2 f5 16.exf5 Bxf5
17.g4 Bd7 18.Rf2 Nf6 19.Rg2 c6 20.Rd1 e4 21.dxc6 Bxc6 22.f4 Qc8 23.Nd4 Bd7
24.h3 Qb7 25.Ndb5 Rad8 26.Nxd6 Qb8 27.f5 Bc6 28.fxg6+ Kg8 29.Bf4 e3 30.Qxe3 Bxg2
31.Kxg2 Rd7 32.Bf3 Qd8 33.Nd5 Kh8 34.Nf7+ Rfxf7 35.gxf7 Rxf7 36.Bxh6  1-0

[Event "3rd SPAChess Open"]
[Site "Amsterdam NED"]
[Date "2013.07.11"]
[Round "6.30"]
[White "Schoonackers,Jeroen"]
[Black "Boelhouwer,Collin"]
[Result "0-1"]
[WhiteElo "2003"]
[BlackElo "2103"]

1.d4 Nf6 2.c4 g6 3.Nc3 Bg7 4.e4 d6 5.Nf3 O-O 6.Be2 Na6 7.O-O e5 8.Be3 Ng4
9.Bg5 f6 10.Bh4 g5 11.Bg3 Nh6 12.d5 f5 13.exf5 Bxf5 14.Nd2 b6 15.Nde4 Nc5
16.f3 a5 17.Bf2 Nf7 18.Be3 h6 19.a3 Qe7 20.b4 Na6 21.Rb1 axb4 22.axb4 Nh8
23.Bd3 Ng6 24.g3 Rf7 25.Ra1 Qf8 26.Qb3 Bh3 27.Nd2 e4 28.Bxe4 Ne5 29.Rf2 Bc8
30.c5 Nxc5 31.Qd1 Rxa1 32.Qxa1 Nxe4 33.fxe4 Rxf2 34.Bxf2 Bh3 35.Nf1 Qf3 36.Ne3 Ng4
37.Qa8+ Kh7 38.Ncd1 Nxf2 39.Nxf2 Qxe3  0-1

[Event "3rd SPAChess Open"]
[Site "Amsterdam NED"]
[Date "2013.07.11"]
[Round "6.27"]
[White "De Ruiter,D"]
[Black "Slisser,T"]
[Result "0-1"]
[WhiteElo "2254"]
[BlackElo "2080"]

1.d4 Nf6 2.c4 g6 3.Nc3 Bg7 4.e4 d6 5.Nf3 O-O 6.Be2 Na6 7.O-O e5 8.dxe5 dxe5
9.Be3 Ng4 10.Bg5 f6 11.Bd2 Nh6 12.h3 c6 13.Be3 Qe7 14.a3 Nc7 15.c5 Nf7 16.Bc4 Be6
17.Qb3 Rfd8 18.Rfd1 Bf8 19.Qa2 Kg7 20.b4 Bxc4 21.Qxc4 Rxd1+ 22.Rxd1 Rd8 23.Rxd8 Nxd8
24.Qd3 Nde6 25.Nd2 Qd8 26.Qxd8 Nxd8 27.Nc4 Nce6 28.Nd6 Bxd6 29.cxd6 b6 30.b5 Kf7
31.bxc6 Nxc6 32.Nd5 Ned4 33.Nc7 Nc2 34.Bc1 Na5 35.f4 Nc4 36.fxe5 fxe5 37.Nb5 Ke6
38.Kf2 Nxd6 39.Nxa7 Nxe4+ 40.Ke2 Nd4+ 41.Kd3 Kd5 42.Nc8 Nc5+ 43.Ke3 Nf5+
44.Kf3 e4+ 45.Ke2 b5 46.Be3 Nb3 47.a4 Nbd4+ 48.Kd2 Nxe3 49.Kxe3 Nf5+ 50.Kd2 bxa4
51.Nb6+ Ke5 52.Nxa4 Kf4 53.Ke2 Kg3 54.Nc3 Kxg2 55.h4 Kh3 56.h5 g5 57.h6 g4  0-1

[Event "3rd SPAChess Open"]
[Site "Amsterdam NED"]
[Date "2013.07.11"]
[Round "6.24"]
[White "Sanijs,F"]
[Black "Tsifanskaya,L"]
[Result "1-0"]
[WhiteElo "2042"]
[BlackElo "2124"]

1.c4 Nf6 2.Nc3 g6 3.d4 Bg7 4.e4 d6 5.Be2 O-O 6.Nf3 Na6 7.O-O e5 8.Be3 Ng4
9.Bg5 f6 10.Bh4 Qe8 11.dxe5 dxe5 12.a3 c6 13.b4 h5 14.Nd2 Nc7 15.c5 Be6 16.Nc4 Bxc4
17.Bxc4+ Kh7 18.h3 Nh6 19.Qb3 g5 20.Bg3 h4 21.Bh2 g4 22.Rad1 Qg6 23.Rd3 Rad8
24.Rfd1 Rd4 25.Ne2 Rxe4 26.Rd7 Rxc4 27.Qxc4 Nd5 28.hxg4 Nxg4 29.Qd3 f5 30.Qh3 Qg5
31.Bg3 Kg8 32.Bxh4 Qh6 33.Rxb7 Nf4 34.Nxf4 Qxf4 35.Qb3+ Kh8 36.Rdd7 Qh2+
37.Kf1 Qh1+ 38.Ke2 Qxg2 39.Rxg7 Qe4+ 40.Kd2 Qd4+ 41.Kc2 Nf6 42.Qh3 Qc4+ 43.Qc3 Qxh4
44.Qxe5 Qxf2+ 45.Kb3 Qf3+ 46.Ka4  1-0

[Event "FSFMA July 2013"]
[Site "Budapest HUN"]
[Date "2013.07.11"]
[Round "6.2"]
[White "Andersen,So2"]
[Black "Juracsik,J"]
[Result "0-1"]
[WhiteElo "2115"]
[BlackElo "2136"]

1.d4 Nf6 2.c4 g6 3.Nc3 Bg7 4.e4 O-O 5.Nf3 d6 6.Be2 e5 7.O-O exd4 8.Nxd4 Re8
9.f3 c6 10.Kh1 a5 11.Bf4 Nh5 12.Be3 f5 13.Qd2 f4 14.Bf2 Be5 15.Rfd1 Na6 16.Qe1 Qf6
17.Rac1 Nc5 18.Nb3 Ne6 19.a4 c5 20.Nb5 Qe7 21.Rc2 Bd7 22.Rcd2 Bc6 23.Nc1 Rad8
24.Na2 g5 25.Nac3 Nc7 26.Nxc7 Qxc7 27.Nb5 Qe7 28.Rc2 b6 29.b3 Nf6 30.Nc3 Qg7
31.Nd5 Rb8 32.Qf1 h5 33.Bd3 Bd7 34.Qe2 Nh7 35.Be1 Be6 36.Bc3 Bxd5 37.Bxe5 Rxe5
38.cxd5 Nf6 39.Bb5 g4 40.Rg1 Kh8 41.g3 fxg3 42.Rxg3 h4 43.Rg2 g3 44.Qe1 Rg8
45.Ra2 Nh5 46.hxg3 hxg3 47.Qd2 Qf6 48.Qe1 Nf4 49.Rxg3 Rh5+ 50.Kg1 Qd4+  0-1

[Event "ch-BEL Open 2013"]
[Site "Antwerp BEL"]
[Date "2013.07.12"]
[Round "7.21"]
[White "Snoeks,Pieter-Jan"]
[Black "Van Melkebeke,W"]
[Result "1/2-1/2"]
[WhiteElo "1802"]
[BlackElo "1988"]

1.d4 Nf6 2.c4 g6 3.Nc3 Bg7 4.e4 d6 5.Be2 O-O 6.Nf3 e5 7.Be3 exd4 8.Nxd4 Re8
9.f3 c6 10.O-O d5 11.cxd5 cxd5 12.Bg5 Qb6 13.Na4 Qa5 14.Rc1 Bd7 15.Nc5 dxe4
16.Bxf6 Bxf6 17.fxe4 Bg7 18.Ndb3 Qb6 19.Kh1 Bb5  1/2-1/2

[Event "Styrian Open A 2013"]
[Site "Bad Gleichenberg AUT"]
[Date "2013.07.12"]
[Round "7.4"]
[White "Schachinger,M"]
[Black "Jankovic,A"]
[Result "0-1"]
[WhiteElo "2401"]
[BlackElo "2559"]

1.d4 Nf6 2.c4 g6 3.Nc3 Bg7 4.e4 d6 5.Nf3 O-O 6.Be2 Na6 7.O-O e5 8.Be3 Qe7
9.dxe5 dxe5 10.Nd5 Qd8 11.Qc2 Ng4 12.Bg5 f6 13.Bd2 c6 14.Ne3 Qe7 15.c5 Nxe3
16.Bxe3 f5 17.Bc4+ Kh8 18.Bxa6 bxa6 19.Rfd1 Rb8 20.Rd6 Rb4 21.Rad1 Rxe4 22.Bg5 Qf7
23.Rd8 Be6 24.Rxf8+ Bxf8 25.Rd8 Kg7 26.Qc3 Qc7 27.Bf6+ Kxf6 28.Rxf8+ Kg7
29.Ng5 Qe7 30.Nxe4 Kxf8 31.Nd6 Bd5 32.Qd2 Qh4 33.h3 Qf4 34.Qc3 a5 35.b3 Kg8
36.Nc8 Kg7 37.Ne7 Bxg2 38.Nxf5+ gxf5 39.Kxg2 Qe4+ 40.Kg1 a4 41.Qd2 f4 42.Kh2 Qd4
43.Qc2 f3  0-1

[Event "Universiade Men"]
[Site "Kazan RUS"]
[Date "2013.07.12"]
[Round "6.15"]
[White "Abdyjapar,Asyl"]
[Black "Gundavaa,B"]
[Result "1-0"]
[WhiteElo "2400"]
[BlackElo "2516"]

1.c4 g6 2.Nc3 Bg7 3.d4 Nf6 4.e4 d6 5.Nf3 O-O 6.Be2 e5 7.O-O Na6 8.Be3 Ng4
9.Bg5 Qe8 10.h3 exd4 11.Nxd4 Nf6 12.Bf3 Nc5 13.Re1 Qe5 14.Bh4 Nh5 15.Ndb5 c6
16.Nc7 Qf4 17.g3 Qe5 18.Nxa8 g5 19.Bxg5 Qxg5 20.h4 Qh6 21.Bxh5 Be6 22.Nc7 Bxc4
23.Be2 Bxe2 24.Rxe2 Rc8 25.N7d5 cxd5 26.Qxd5 Rc6 27.Rd1 Be5 28.Nb5 Qh5 29.Nd4 Rb6
30.Red2 Rxb2 31.Nf5 Rb6 32.Qxe5  1-0

[Event "6th ch-Cent SRB Int 2013"]
[Site "Paracin SRB"]
[Date "2013.07.12"]
[Round "9.31"]
[White "Banovic,I"]
[Black "Sorgic,D"]
[Result "0-1"]
[WhiteElo "2188"]
[BlackElo "2265"]

1.d4 Nf6 2.c4 g6 3.Nc3 Bg7 4.e4 d6 5.Nf3 O-O 6.Be2 e5 7.d5 a5 8.Bg5 h6 9.Bh4 Na6
10.Nd2 Bd7 11.a3 Qe8 12.b3 Nh7 13.Rb1 f5 14.f3 Nc5 15.b4 axb4 16.axb4 Na4
17.Nxa4 Bxa4 18.Qc1 Nf6 19.O-O Bd7 20.Ra1 g5 21.Bf2 Qg6 22.Qc2 g4 23.Kh1 h5
24.c5 Rxa1 25.Rxa1 fxe4 26.fxe4 Nxd5 27.Bc4 Rxf2 28.Bxd5+ Kh7 29.Qc3 Bh6
30.Nf1 Qf6 31.Ng3 h4 32.Nf5 Bxf5 33.exf5 Qxf5 34.Qe1 Bd2 35.Qe4 Qxe4 36.Bxe4+ Kh6
37.cxd6 cxd6 38.Bxb7 Bxb4 39.g3 h3 40.Rc1 Rd2 41.Rb1 d5 42.Bc8 Kg5 43.Bxg4 Kxg4
44.Rxb4+ e4  0-1

[Event "22nd Open ch-MKD"]
[Site "Struga MKD"]
[Date "2013.07.13"]
[Round "1.2"]
[White "Bogdanovski,V"]
[Black "Nikolovska,D"]
[Result "1-0"]
[WhiteElo "2435"]
[BlackElo "1848"]

1.c4 Nf6 2.Nc3 g6 3.e4 d6 4.d4 Bg7 5.Nf3 O-O 6.Be2 Nbd7 7.O-O e5 8.Qc2 exd4
9.Nxd4 Re8 10.Rd1 Nc5 11.f3 a5 12.Be3 Bd7 13.Ndb5 Bxb5 14.cxb5 Qe7 15.Rac1 b6
16.b3 Ra7 17.Bc4 Ncd7 18.Re1 Nc5 19.Qd2 Qf8 20.Kh1 Nfd7 21.Bd5 Ne5 22.Bxc5 dxc5
23.f4 Bh6 24.Rcd1 Qe7 25.g3 Nf3 26.Qd3 Nxe1 27.Rxe1 Bg7 28.e5 Rd8 29.Qc4 Kf8
30.a4 h5 31.h4 Bh6 32.Kg2 Bg7 33.Re2 Bh6 34.Ne4 Rb8 35.Rf2 Rd8 36.Nf6 Kg7
37.Qe4 Qf8 38.f5 Qe7 39.Nxh5+ Kg8 40.fxg6 Bg7 41.gxf7+ Kh8 42.Nf4  1-0